[Event "Quebec op"]
[Site "Montreal CAN"]
[Date "1997.07.27"]
[Round "3"]
[White "Delisle, Claude"]
[Black "Duong, Thanh Nha"]
[Result "0-1"]
[WhiteElo "1926"]
[BlackElo "2313"]
[PlyCount "76"]
[EventDate "1997.07.26"]
[EventType "swiss"]
[EventRounds "9"]
[EventCountry "CAN"]
[Source "ChessBase"]
[SourceDate "1997.11.17"]

1. e3 b6 2. b3 Bb7 3. Bb2 Nf6 4. Nf3 g6 5. d3 Bg7 6. Nbd2 O-O 7. g3 c5 8. Bg2
Nc6 9. O-O d5 10. Qe2 Qc7 11. a3 e5 12. e4 dxe4 13. dxe4 Rfd8 14. Rfe1 a5 15.
a4 Ba6 16. Nc4 Nd4 17. Bxd4 cxd4 18. Nfd2 Ne8 19. Bf1 Bh6 20. Qd1 Bxd2 21. Qxd2
Bxc4 22. Bxc4 Nd6 23. Bd3 Rac8 24. Qg5 Re8 25. f4 Qe7 26. Qxe7 Rxe7 27. Re2 Kg7
28. Rae1 f6 29. Kf2 Rc3 30. Rf1 Nb7 31. Rfe1 Nc5 32. Bb5 Rc7 33. Rd1 exf4 34.
gxf4 Ne6 35. f5 Nf4 36. Red2 Rxc2 37. Kf3 g5 38. Rxd4 R7c3+ 0-1

[Event "Quebec op"]
[Site "Montreal CAN"]
[Date "1997.07.28"]
[Round "4"]
[White "Duong, Thanh Nha"]
[Black "Grondin, Jean-Philippe"]
[Result "1/2-1/2"]
[WhiteElo "2313"]
[BlackElo "2093"]
[PlyCount "104"]
[EventDate "1997.07.26"]
[EventType "swiss"]
[EventRounds "9"]
[EventCountry "CAN"]
[Source "ChessBase"]
[SourceDate "1997.11.17"]

1. d4 d5 2. Nf3 Nf6 3. g3 Bf5 4. Bg2 e6 5. c4 c6 6. Nbd2 Nbd7 7. O-O Be7 8. b3
a5 9. Bb2 a4 10. Nh4 a3 11. Bc3 Ne4 12. Nxe4 Bxe4 13. f3 Bg6 14. Nxg6 hxg6 15.
e4 O-O 16. f4 dxc4 17. bxc4 Nb6 18. Qb3 Na4 19. Rab1 Nxc3 20. Qxc3 Qd7 21. c5
Ra4 22. Rfd1 Rd8 23. Rb4 Rda8 24. Rxa4 Rxa4 25. Bf1 Qd8 26. Bg2 b6 27. cxb6
Qxb6 28. Kh1 Rb4 29. d5 Rb1 30. Qd3 Rxd1+ 31. Qxd1 exd5 32. exd5 c5 33. Bf1 Bd6
34. Bc4 Qb4 35. Qd3 Qb2 36. Qb3 Qc1+ 37. Kg2 Kh7 38. Qd3 Qe1 39. h4 Kg8 40. Qe2
Qxe2+ 41. Bxe2 Kf8 42. Kf3 Ke7 43. Ke4 f6 44. Kf3 Kf7 45. Bd3 Bc7 46. Be4 Bd6
47. g4 g5 48. hxg5 fxg5 49. fxg5 Ke7 50. Bd3 Be5 51. Ke4 Kd6 52. Bc4 Bb2
1/2-1/2

[Event "Quebec op"]
[Site "Montreal CAN"]
[Date "1997.07.30"]
[Round "6"]
[White "Desjardins, Andre"]
[Black "Duong, Thanh Nha"]
[Result "0-1"]
[WhiteElo "2055"]
[BlackElo "2313"]
[PlyCount "70"]
[EventDate "1997.07.26"]
[EventType "swiss"]
[EventRounds "9"]
[EventCountry "CAN"]
[Source "ChessBase"]
[SourceDate "1997.11.17"]

1. e4 e5 2. Nf3 Nc6 3. Bb5 a6 4. Ba4 Nf6 5. O-O Be7 6. Re1 b5 7. Bb3 O-O 8. c3
d5 9. exd5 Nxd5 10. Nxe5 Nxe5 11. Rxe5 c6 12. d3 Bd6 13. Re2 Bf5 14. g3 Bg4 15.
Qe1 Bxe2 16. Qxe2 Qd7 17. Be3 Rae8 18. Nd2 f5 19. c4 Nxe3 20. fxe3 Kh8 21. Qf2
Qe7 22. Nf1 g5 23. Qf3 f4 24. gxf4 gxf4 25. e4 Bc5+ 26. Kh1 Rg8 27. Nd2 Qg7 28.
Qf1 f3 29. Nxf3 Ref8 30. Bd1 Qxb2 31. Be2 Rg1+ 32. Nxg1 Rxf1 33. Rxf1 Bxg1 34.
Kxg1 Qxe2 35. cxb5 axb5 0-1

[Event "Quebec op"]
[Site "Montreal CAN"]
[Date "1997.07.31"]
[Round "7"]
[White "Duong, Thanh Nha"]
[Black "Murey, Jacob"]
[Result "1-0"]
[WhiteElo "2313"]
[BlackElo "2440"]
[PlyCount "89"]
[EventDate "1997.07.26"]
[EventType "swiss"]
[EventRounds "9"]
[EventCountry "CAN"]
[Source "ChessBase"]
[SourceDate "1997.11.17"]

1. b3 f5 2. Bb2 Nf6 3. Nf3 e6 4. g3 Be7 5. Bg2 O-O 6. O-O d6 7. d4 Nbd7 8. Nbd2
Qe8 9. c4 a5 10. a3 c6 11. Qc2 Qg6 12. Rae1 d5 13. cxd5 cxd5 14. Rc1 Bd6 15.
Ne5 Qh6 16. Ndf3 f4 17. gxf4 Qxf4 18. Qd2 Qf5 19. Qg5 Nb6 20. Qh4 Ne4 21. Bh3
Qf6 22. Qg4 Re8 23. a4 Bd7 24. Rc2 h6 25. Nd2 Ng5 26. Bg2 Rac8 27. Rfc1 Rxc2
28. Rxc2 Rf8 29. Qg3 Bb4 30. Bc1 Nf7 31. Ndf3 Nd6 32. Ng4 Qe7 33. Nxh6+ Kh7 34.
Ng4 Ne4 35. Qh3+ Kg8 36. Nfe5 Be8 37. f3 Nd6 38. Qg3 Nd7 39. e4 dxe4 40. fxe4
Qd8 41. Nh6+ Kh7 42. Qh3 gxh6 43. Qxh6+ Kg8 44. Bh3 Nxe5 45. Bxe6+ 1-0

[Event "Quebec op"]
[Site "Montreal CAN"]
[Date "1997.08.01"]
[Round "8"]
[White "Duong, Thanh Nha"]
[Black "Gofshtein, Leonid"]
[Result "1/2-1/2"]
[WhiteElo "2313"]
[BlackElo "2545"]
[PlyCount "131"]
[EventDate "1997.07.26"]
[EventType "swiss"]
[EventRounds "9"]
[EventCountry "CAN"]
[Source "ChessBase"]
[SourceDate "1997.11.17"]

1. c4 e5 2. Nc3 d6 3. g3 f5 4. Bg2 Nf6 5. e3 Be7 6. Nge2 c6 7. O-O h5 8. d4 h4
9. dxe5 dxe5 10. Qxd8+ Bxd8 11. b4 Be6 12. c5 Kf7 13. e4 a5 14. b5 Be7 15. bxc6
Nxc6 16. Rb1 hxg3 17. hxg3 Rab8 18. Be3 fxe4 19. a3 Bc4 20. Rb2 Nd4 21. Nxd4
exd4 22. Bxd4 Bxf1 23. Kxf1 Rhd8 24. Be5 Rbc8 25. Bxf6 gxf6 26. Nxe4 f5 27.
Nd6+ Bxd6 28. cxd6 Rxd6 29. Bxb7 Rc3 30. Rb5 Rxa3 31. Rxf5+ Ke6 32. g4 a4 33.
Kg2 Rd4 34. Bc8+ Ke7 35. Ra5 Rc3 36. Bf5 Rf4 37. g5 Kf7 38. Ra7+ Kf8 39. Be6
Rc2 40. g6 Rfxf2+ 41. Kh3 Rh2+ 42. Kg4 Rhg2+ 43. Kf5 Rcf2+ 44. Ke5 Rg5+ 45. Ke4
Re2+ 46. Kf4 Rxg6 47. Bd7 Rf6+ 48. Kg5 Rf7 49. Ra8+ Ke7 50. Bc6 Kd6 51. Bxa4
Rg2+ 52. Kh6 Rf6+ 53. Kh7 Rf4 54. Ra6+ Ke7 55. Bd1 Rh4+ 56. Rh6 Rd4 57. Rh1 Rf4
58. Bh5 Kf8 59. Ra1 Rg7+ 60. Kh8 Rg5 61. Ra8+ Ke7 62. Ra7+ Kf6 63. Ra6+ Ke7 64.
Ra7+ Kd6 65. Ra6+ Kc7 66. Bg6 1/2-1/2

[Event "Outaouais op"]
[Site "Hull CAN"]
[Date "1996.11.22"]
[Round "1"]
[White "Gagnon, Fabien"]
[Black "Duong, Thanh Nha"]
[Result "0-1"]
[WhiteElo "2014"]
[BlackElo "2312"]
[PlyCount "34"]
[EventDate "1996.11.21"]
[EventType "swiss"]
[EventRounds "5"]
[EventCountry "CAN"]

1. d4 Nf6 2. Nf3 c5 3. e3 b6 4. c3 Bb7 5. Bd3 e6 6. O-O d5 7. Ne5 Nbd7 8. f4
Qc7 9. Nd2 Be7 10. Qf3 h6 11. g4 g5 12. Nxd7 Qxd7 13. f5 O-O-O 14. Qg2 h5 15.
h3 hxg4 16. hxg4 Rh4 17. fxe6 fxe6 0-1

[Event "Interclubs"]
[Site "Montreal CAN"]
[Date "1996.03.13"]
[Round "2"]
[White "Duong, Thanh Nha"]
[Black "Berube, Richard"]
[Result "0-1"]
[WhiteElo "2310"]
[BlackElo "2323"]
[PlyCount "114"]
[EventDate "1996.03.01"]
[EventType "team"]
[EventRounds "5"]
[EventCountry "CAN"]

1. e4 c5 2. Nf3 d6 3. Nc3 Nf6 4. Bb5+ Nbd7 5. a4 e6 6. O-O Be7 7. d4 cxd4 8.
Qxd4 O-O 9. Bg5 a6 10. Bxd7 Bxd7 11. e5 dxe5 12. Nxe5 Be8 13. Qxd8 Bxd8 14.
Rfd1 Rc8 15. a5 Bc7 16. Nd3 Bc6 17. Nb4 Be5 18. Nba2 Rfd8 19. f3 Bd4+ 20. Kf1
h6 21. Bxf6 Bxf6 22. Rxd8+ Rxd8 23. Ke2 Kf8 24. Rd1 Rc8 25. Kd3 Ke7 26. Rb1 Be5
27. h3 f5 28. Nb4 Be8 29. Re1 Kf6 30. f4 Bd6 31. Nca2 Bb5+ 32. Ke3 Rc4 33. Nd3
Re4+ 34. Kf2 Bxd3 35. cxd3 Bc5+ 36. Kf1 Rxf4+ 37. Ke2 Rf2+ 38. Kd1 Rxb2 39. Nc1
Bb4 40. Re2 Rxe2 41. Kxe2 Bxa5 42. Nb3 Bb6 43. Nd2 e5 44. Nc4 Bc7 45. Ne3 Ke6
46. g4 g6 47. Ng2 b5 48. Kd2 Bb6 49. Nh4 Kf6 50. Nf3 e4 51. Nh2 Ke5 52. dxe4
fxe4 53. Nf1 Kf4 54. Ke2 a5 55. Nd2 a4 56. Nb1 b4 57. Nd2 a3 0-1

[Event "Interclubs"]
[Site "Montreal CAN"]
[Date "1996.05.04"]
[Round "5"]
[White "Hergott, Deen"]
[Black "Duong, Thanh Nha"]
[Result "0-1"]
[WhiteElo "2399"]
[BlackElo "2310"]
[PlyCount "116"]
[EventDate "1996.03.01"]
[EventType "team"]
[EventRounds "5"]
[EventCountry "CAN"]

1. Nf3 Nf6 2. g3 Nc6 3. Bg2 e5 4. d3 Bc5 5. O-O d5 6. Bg5 h6 7. Bxf6 Qxf6 8.
Nc3 Be6 9. e4 dxe4 10. Nxe4 Qe7 11. Nxe5 Nxe5 12. Nxc5 Bg4 13. f3 Bxf3 14. Bxf3
Nxf3+ 15. Rxf3 Qxc5+ 16. d4 Qd5 17. Qe2+ Kf8 18. Qf2 Re8 19. Rf1 Re7 20. b3 h5
21. c4 Qd7 22. d5 b6 23. h4 Rh6 24. Rf5 Qe8 25. c5 Kg8 26. d6 cxd6 27. cxb6
axb6 28. Qxb6 Rg6 29. Kh2 Re2+ 30. R1f2 Rxf2+ 31. Qxf2 Re6 32. Qd4 Re4 33. Qb6
d5 34. Rf2 d4 35. Qd6 Qa8 36. Qd7 f6 37. Rc2 Kh7 38. Kh3 Rg4 39. Qc6 Qb8 40.
Qf3 Qd6 41. Rd2 Qe6 42. Kg2 Qe5 43. a4 f5 44. Re2 Rxg3+ 45. Qxg3 Qxe2+ 46. Qf2
Qg4+ 47. Kf1 Kg6 48. Ke1 Qe4+ 49. Kd2 f4 50. a5 Kf5 51. a6 Qd5 52. Qe2 Qa5+ 53.
Kd1 Qa1+ 54. Kd2 Qc3+ 55. Kd1 d3 56. Qxh5+ Ke4 57. Qe8+ Kf3 58. Qh5+ Kf2 0-1

[Event "Pere Noel"]
[Site "Montreal CAN"]
[Date "1995.12.29"]
[Round "4"]
[White "Duong, Thanh Nha"]
[Black "Schleifer, Michael"]
[Result "1-0"]
[WhiteElo "2230"]
[BlackElo "2357"]
[PlyCount "131"]
[EventDate "1995.12.26"]
[EventType "swiss"]
[EventRounds "5"]
[EventCountry "CAN"]

1. c4 Nf6 2. Nc3 c5 3. e4 Nc6 4. g3 g6 5. Bg2 Bg7 6. Nge2 O-O 7. O-O d6 8. d3
a6 9. Rb1 Rb8 10. a3 b5 11. cxb5 axb5 12. b4 cxb4 13. axb4 Ne5 14. h3 Bd7 15.
f4 Qb6+ 16. Kh2 Nc6 17. d4 e6 18. Qd3 Rfd8 19. Be3 d5 20. e5 Ne8 21. f5 gxf5
22. Qd2 Rdc8 23. Nf4 Ne7 24. Nd3 Ng6 25. Nc5 Qd8 26. h4 f6 27. h5 Ne7 28. Bh6
fxe5 29. Bxg7 Nxg7 30. dxe5 Kh8 31. h6 Ne8 32. Rbe1 Ng6 33. Qd4 Rxc5 34. bxc5
b4 35. Ne2 Bb5 36. Rf3 Qg5 37. Qe3 Qh5+ 38. Kg1 Bc4 39. Nf4 Qxh6 40. Nxg6+ Qxg6
41. Rf2 Nc7 42. Rb2 b3 43. Bf1 Rg8 44. Rg2 Nb5 45. Qf4 Na3 46. c6 Qg7 47. Rd1
Qe7 48. Bxc4 Nxc4 49. Rb1 b2 50. g4 Qa7+ 51. Kh1 Qg7 52. Rgg1 fxg4 53. Qf6 Qxf6
54. exf6 h5 55. Rge1 e5 56. Rxb2 Nxb2 57. Rxe5 Rf8 58. c7 Nc4 59. Rxh5+ Kg8 60.
f7+ Kg7 61. Rg5+ Kxf7 62. Rf5+ Ke7 63. Rxf8 Kxf8 64. c8=Q+ Ke7 65. Qxg4 Kd6 66.
Kg1 1-0

[Event "Quebec op"]
[Site "Montreal CAN"]
[Date "1995.??.??"]
[Round "1"]
[White "Rozentalis, Eduardas"]
[Black "Duong, Thanh Nha"]
[Result "1-0"]
[WhiteElo "2610"]
[BlackElo "2285"]
[PlyCount "113"]
[EventDate "1995.07.26"]
[EventType "swiss"]
[EventRounds "9"]
[EventCountry "CAN"]
[Source "ChessBase"]
[SourceDate "1998.11.10"]

1. e4 e5 2. Nf3 Nc6 3. Bb5 a6 4. Bxc6 dxc6 5. O-O Bg4 6. h3 h5 7. d3 Qf6 8. Be3
Bxf3 9. Qxf3 Qxf3 10. gxf3 Bd6 11. Nd2 Ne7 12. Kh1 O-O-O 13. Rg1 Rh7 14. Rg2 c5
15. Rag1 g6 16. Bg5 Re8 17. Bxe7 Bxe7 18. Nc4 Bf6 19. a4 b6 20. Re1 Rhh8 21.
Rgg1 Re7 22. Kg2 Bg5 23. Kf1 Bh6 24. Ke2 Rd8 25. Rb1 Re6 26. b4 cxb4 27. Rxb4
Bf8 28. Rb3 Bc5 29. Rg5 Rde8 30. c3 R6e7 31. Rb2 Re6 32. Rb1 R6e7 33. Rd1 Re6
34. d4 exd4 35. cxd4 Be7 36. Rgg1 Bd6 37. e5 Bb4 38. f4 a5 39. Kf3 R6e7 40. Ke4
Kb7 41. d5 Rd7 42. f5 gxf5+ 43. Kxf5 Bc5 44. Rd2 Red8 45. Rgd1 Rg8 46. f4 Bb4
47. Rd3 Rg2 48. e6 Re7 49. Ne5 fxe6+ 50. dxe6 Ra2 51. Ng6 Re8 52. Kf6 Bd6 53.
Kf7 Ra8 54. Rd4 Re2 55. Rb1 Bc5 56. Rc4 Kc6 57. Ne7+ 1-0

[Event "Quebec op"]
[Site "Montreal CAN"]
[Date "1995.07.26"]
[Round "5"]
[White "Cortruta, Teodor"]
[Black "Duong, Thanh Nha"]
[Result "0-1"]
[WhiteElo "1751"]
[BlackElo "2285"]
[PlyCount "122"]
[EventDate "1995.07.26"]
[EventType "swiss"]
[EventRounds "9"]
[EventCountry "CAN"]
[Source "ChessBase"]
[SourceDate "1998.11.10"]

1. e4 c6 2. d4 d5 3. e5 Bf5 4. Bd3 Bxd3 5. Qxd3 e6 6. Ne2 Ne7 7. c3 Qb6 8. b3
c5 9. Ba3 Nf5 10. Nd2 Nc6 11. dxc5 Bxc5 12. Bxc5 Qxc5 13. Nf3 O-O 14. O-O Rac8
15. Rac1 Qa5 16. Rc2 Qc7 17. Ned4 Nfe7 18. Ng5 Ng6 19. f4 Nxd4 20. Qxd4 Qc5 21.
Qxc5 Rxc5 22. g3 Rfc8 23. Rfc1 Ne7 24. Nf3 Nc6 25. Ne1 f6 26. Nd3 Ra5 27. b4
Ra3 28. exf6 gxf6 29. Nc5 Nd8 30. Kf2 Kf7 31. Rd1 b6 32. Nb3 Nc6 33. Rdd2 Ne7
34. Re2 Nf5 35. Ke1 Nd6 36. Kd1 a5 37. bxa5 bxa5 38. Re3 Ne4 39. Kc1 a4 40. Nd4
Nxc3 41. Rxe6 Nxa2+ 42. Kb2 Rxc2+ 43. Kxa3 Rd2 44. f5 Rxd4 45. Kxa2 Rd2+ 46.
Ka3 Rxh2 47. Rd6 Rg2 48. Kxa4 Rxg3 49. Rd7+ Kg8 50. Rxd5 h5 51. Kb5 Re3 52. Kc6
Kg7 53. Rd1 Re5 54. Rg1+ Kh7 55. Kd6 Rxf5 56. Ke6 Rg5 57. Rf1 Kg7 58. Ke7 Re5+
59. Kd6 Kg6 60. Rf2 h4 61. Rg2+ Kf7 0-1

[Event "Quebec op"]
[Site "Montreal CAN"]
[Date "1995.??.??"]
[Round "6"]
[White "Duong, Thanh Nha"]
[Black "Leveille, Francois"]
[Result "1/2-1/2"]
[WhiteElo "2285"]
[BlackElo "2360"]
[PlyCount "108"]
[EventDate "1995.07.26"]
[EventType "swiss"]
[EventRounds "9"]
[EventCountry "CAN"]
[Source "ChessBase"]
[SourceDate "1998.11.10"]

1. d4 d5 2. c4 c6 3. e3 Nf6 4. Nf3 e6 5. Qc2 Nbd7 6. Bd3 a6 7. a4 Bb4+ 8. Bd2
Bd6 9. Bc3 dxc4 10. Bxc4 Nd5 11. O-O O-O 12. e4 Nxc3 13. Nxc3 e5 14. d5 Nb6 15.
Bb3 cxd5 16. Nxd5 Bg4 17. Qd3 Nxd5 18. Bxd5 Qe7 19. h3 Be6 20. Bxb7 Qxb7 21.
Qxd6 Qxe4 22. Qxe5 Qb7 23. Rac1 Rab8 24. Ng5 Bd5 25. Rc7 Qa8 26. Rd1 Rbd8 27.
Qf5 g6 28. Qf6 h6 29. Nf3 Bxf3 30. Rxd8 Qxd8 31. Qxd8 Rxd8 32. gxf3 Rb8 33. Rc6
a5 34. Rc5 Rxb2 35. Rxa5 Ra2 36. Kg2 Kg7 37. Ra6 h5 38. h4 Kh6 39. Kg3 Kg7 40.
Ra8 Kf6 41. f4 Ra3+ 42. f3 Ra1 43. Ra6+ Kf5 44. Ra5+ Kf6 45. f5 gxf5 46. Kf4
Kg6 47. Ra6+ f6 48. a5 Ra4+ 49. Kg3 f4+ 50. Kf2 Ra2+ 51. Kf1 Kf5 52. Ra8 Ra1+
53. Kf2 Ra2+ 54. Kf1 Ra1+ 1/2-1/2

[Event "Quebec op"]
[Site "Montreal CAN"]
[Date "1995.??.??"]
[Round "7"]
[White "Duong, Thanh Nha"]
[Black "Levtchouk, George"]
[Result "0-1"]
[WhiteElo "2285"]
[BlackElo "2345"]
[PlyCount "144"]
[EventDate "1995.07.26"]
[EventType "swiss"]
[EventRounds "9"]
[EventCountry "CAN"]
[Source "ChessBase"]
[SourceDate "1998.11.10"]

1. c4 g6 2. Nc3 Bg7 3. g3 d6 4. Bg2 Nf6 5. e4 c5 6. Nge2 Nc6 7. d3 O-O 8. O-O
Bd7 9. a3 Ne8 10. Rb1 a5 11. Be3 Nd4 12. b4 axb4 13. axb4 Nxe2+ 14. Nxe2 b6 15.
Qd2 Ra3 16. d4 cxd4 17. Bxd4 Bxd4 18. Nxd4 Nf6 19. Qb2 Ra8 20. Rfd1 Qc7 21.
Rbc1 Ra4 22. Nb5 Bxb5 23. cxb5 Qa7 24. Rd2 Ra3 25. Rdc2 Qa4 26. e5 Rb3 27. Qd4
Rxb4 28. Qc3 dxe5 29. Bf1 Nd7 30. Qc7 Rd4 31. Rc4 Rxc4 32. Rxc4 Qd1 33. Rc3 e4
34. Qc6 Qd6 35. Qxe4 Nc5 36. Qe1 e5 37. Re3 e4 38. Qa1 Rd8 39. Qa7 Qb8 40. Qe7
Rd1 41. Kg2 Qd8 42. Qxd8+ Rxd8 43. Ra3 Kg7 44. Ra7 Rd7 45. Ra2 f5 46. Kg1 Kf6
47. Ra8 Ke5 48. Rb8 Rb7 49. Rd8 g5 50. Bc4 Rd7 51. Re8+ Kd4 52. Bf1 Nd3 53. Rg8
h6 54. Rg6 Kc5 55. Rxh6 Kxb5 56. f3 Kc5 57. g4 e3 58. Bxd3 Rxd3 59. Kf1 f4 60.
h4 gxh4 61. Rxh4 Kd4 62. g5 Rd1+ 63. Ke2 Rd2+ 64. Ke1 Rg2 65. Rh6 Rxg5 66. Rxb6
Rg1+ 67. Ke2 Rg2+ 68. Ke1 Rf2 69. Rb4+ Ke5 70. Rb5+ Kf6 71. Rb6+ Kg5 72. Rb5+
Kh4 0-1

[Event "Quebec op"]
[Site "Montreal CAN"]
[Date "1995.??.??"]
[Round "8"]
[White "Djerkovic, Miladin"]
[Black "Duong, Thanh Nha"]
[Result "1/2-1/2"]
[WhiteElo "2215"]
[BlackElo "2285"]
[PlyCount "187"]
[EventDate "1995.07.26"]
[EventType "swiss"]
[EventRounds "9"]
[EventCountry "CAN"]
[Source "ChessBase"]
[SourceDate "1998.11.10"]

1. e4 c6 2. d4 d5 3. Nd2 dxe4 4. Nxe4 Nf6 5. Nxf6+ gxf6 6. c3 Bf5 7. Nf3 Qc7 8.
g3 Nd7 9. Bg2 e6 10. O-O Bd6 11. Nh4 Bg6 12. f4 f5 13. Re1 Be7 14. Nxg6 hxg6
15. b4 a5 16. bxa5 Rxa5 17. c4 O-O 18. Qb3 Bf6 19. Be3 c5 20. Qxb7 Qxb7 21.
Bxb7 cxd4 22. Bd2 Ra7 23. Bc6 Nb6 24. Bb5 d3 25. Rad1 Bd4+ 26. Be3 Bxe3+ 27.
Rxe3 Rxa2 28. Rdxd3 Rc8 29. Rc3 Kg7 30. Red3 Na4 31. Ra3 Rxa3 32. Rxa3 Nc5 33.
Ra7 Ne4 34. Kg2 Rd8 35. Ra2 Rc8 36. Kf3 Nd6 37. Ba6 Rc5 38. Ke3 f6 39. Kd4 Ne4
40. Bb7 e5+ 41. Kd3 Rc7 42. Bd5 Nc5+ 43. Kc3 g5 44. Re2 gxf4 45. gxf4 Re7 46.
Rg2+ Kh6 47. Rg8 Ne6 48. Bxe6 Rxe6 49. c5 Kh5 50. fxe5 Rxe5 51. Kd4 f4 52. c6
Re7 53. Rg1 f3 54. Rc1 f2 55. Rf1 Re2 56. Kd3 Re6 57. c7 Rd6+ 58. Ke4 Rc6 59.
Rxf2 Kg6 60. h4 Rxc7 61. h5+ Kf7 62. h6 Rc4+ 63. Kf5 Rh4 64. Ra2 Rh5+ 65. Kg4
Rxh6 66. Ra7+ Kg6 67. Ra6 Rh1 68. Rb6 Ra1 69. Rc6 Ra4+ 70. Kf3 Kg5 71. Rc8 Ra3+
72. Kf2 f5 73. Rb8 Kg4 74. Rb4+ f4 75. Rb8 Ra2+ 76. Kg1 Kg3 77. Rg8+ Kf3 78.
Rb8 Ra1+ 79. Kh2 Re1 80. Ra8 Kf2 81. Ra2+ Re2 82. Ra1 f3 83. Rb1 Rd2 84. Ra1
Re2 85. Rb1 Re8 86. Rb2+ Re2 87. Rb1 Rc2 88. Ra1 Rd2 89. Ra4 Ke3+ 90. Kg3 Rd3
91. Ra2 Ke4 92. Ra1 Rd4 93. Ra3 Rd8 94. Rxf3 1/2-1/2

[Event "Quebec op"]
[Site "Montreal CAN"]
[Date "1995.07.30"]
[Round "9"]
[White "Duong, Thanh Nha"]
[Black "Grondin, Jean-Philippe"]
[Result "1/2-1/2"]
[WhiteElo "2285"]
[BlackElo "2115"]
[PlyCount "68"]
[EventDate "1995.07.26"]
[EventType "swiss"]
[EventRounds "9"]
[EventCountry "CAN"]
[Source "ChessBase"]
[SourceDate "1998.11.10"]

1. d4 d5 2. c4 Nc6 3. e3 e5 4. dxe5 d4 5. a3 a5 6. exd4 Qxd4 7. Nf3 Qxd1+ 8.
Kxd1 Bg4 9. Be2 O-O-O+ 10. Kc2 Bc5 11. Bg5 f6 12. exf6 Nxf6 13. Bxf6 gxf6 14.
Nbd2 Bf5+ 15. Kb3 Rxd2 16. Nxd2 Nd4+ 17. Ka2 Nxe2 18. Nb3 b6 19. Nxc5 bxc5 20.
Rhe1 Nd4 21. Rad1 Kd7 22. b4 axb4 23. axb4 Ra8+ 24. Kb2 Ra4 25. bxc5 Rxc4 26.
Re3 Kc6 27. Re7 Rc2+ 28. Ka3 Nb5+ 29. Kb4 Rb2+ 30. Kc4 Rxf2 31. Ra1 Rc2+ 32.
Kb4 Rb2+ 33. Kc4 Rc2+ 34. Kb4 Rxg2 1/2-1/2

[Event "CAN-op"]
[Site "Toronto CAN"]
[Date "1995.07.08"]
[Round "1"]
[White "Duong, Thanh Nha"]
[Black "Oaker, William"]
[Result "1-0"]
[WhiteElo "2280"]
[BlackElo "2019"]
[PlyCount "81"]
[EventDate "1995.07.08"]
[EventType "swiss"]
[EventRounds "10"]
[EventCountry "CAN"]

1. d4 d5 2. c4 c6 3. Nf3 e6 4. cxd5 exd5 5. Nc3 Nf6 6. Bg5 Be7 7. e3 h6 8. Bxf6
Bxf6 9. Bd3 Be6 10. O-O Nd7 11. Rc1 O-O 12. b4 a6 13. a4 Rc8 14. Qc2 Be7 15.
Qb1 Nf6 16. h3 Qd6 17. b5 cxb5 18. axb5 Qa3 19. Ne2 a5 20. Nf4 Rxc1 21. Rxc1
Rc8 22. Rxc8+ Bxc8 23. Qc2 Bd7 24. Ne5 Qd6 25. Qa2 g5 26. Ne2 b6 27. Ng3 Be6
28. Qc2 Bd8 29. Nf5 Bxf5 30. Bxf5 Qc7 31. Nc6 Kg7 32. f3 Nh5 33. e4 dxe4 34.
fxe4 Ng3 35. e5 Nxf5 36. Qxf5 Be7 37. d5 Bc5+ 38. Kh1 a4 39. d6 Bxd6 40. Qf6+
Kg8 41. exd6 1-0

[Event "CAN-op"]
[Site "Toronto CAN"]
[Date "1995.07.09"]
[Round "2"]
[White "Teodoro, Roderick"]
[Black "Duong, Thanh Nha"]
[Result "1/2-1/2"]
[WhiteElo "2109"]
[BlackElo "2280"]
[PlyCount "71"]
[EventDate "1995.07.08"]
[EventType "swiss"]
[EventRounds "10"]
[EventCountry "CAN"]

1. e4 c5 2. Nf3 Nc6 3. d4 cxd4 4. Nxd4 Nf6 5. Nc3 e5 6. Nb3 Bb4 7. Bd3 d5 8.
exd5 Nxd5 9. Bd2 Bxc3 10. bxc3 O-O 11. O-O Qh4 12. Qf3 Nf6 13. Rfe1 Qg4 14.
Qxg4 Bxg4 15. f3 Bh5 16. Bb5 Rfe8 17. Nc5 a6 18. Bd3 Re7 19. Rab1 Nd8 20. f4
Rc8 21. Rxe5 Rxe5 22. fxe5 Rxc5 23. exf6 gxf6 24. Rb6 Rc6 25. Rxc6 Nxc6 26. Bh6
Bg6 27. Kf2 Ne5 28. Ke2 Ng4 29. Bf4 Kf8 30. Kd2 Ke7 31. c4 Ne5 32. Kc3 Nc6 33.
c5 Kd7 34. g4 Ne5 35. h3 Kc6 36. Be3 1/2-1/2

[Event "CAN-op"]
[Site "Toronto CAN"]
[Date "1995.07.09"]
[Round "3"]
[White "Duong, Thanh Nha"]
[Black "Lo, James"]
[Result "1-0"]
[WhiteElo "2280"]
[BlackElo "1698"]
[PlyCount "31"]
[EventDate "1995.07.08"]
[EventType "swiss"]
[EventRounds "10"]
[EventCountry "CAN"]

1. d4 Nf6 2. c4 g6 3. Nc3 Bg7 4. e4 O-O 5. Be2 d6 6. Bg5 e5 7. dxe5 dxe5 8.
Qxd8 Rxd8 9. Nd5 Rxd5 10. exd5 Ne4 11. Be3 c6 12. Nf3 cxd5 13. cxd5 b6 14. O-O
Bb7 15. Rac1 Bxd5 16. Rc8+ 1-0

[Event "CAN-op"]
[Site "Toronto CAN"]
[Date "1995.07.10"]
[Round "4"]
[White "Khoudgarian, Natalia"]
[Black "Duong, Thanh Nha"]
[Result "0-1"]
[WhiteElo "2416"]
[BlackElo "2280"]
[PlyCount "80"]
[EventDate "1995.07.08"]
[EventType "swiss"]
[EventRounds "10"]
[EventCountry "CAN"]

1. e4 c6 2. d4 d5 3. Nd2 dxe4 4. Nxe4 Nf6 5. Nxf6+ gxf6 6. g3 Qd5 7. Nf3 Bf5 8.
Bg2 Qe4+ 9. Be3 Qxc2 10. Qxc2 Bxc2 11. d5 Be4 12. dxc6 Nxc6 13. O-O Bg7 14.
Rad1 O-O 15. Nd4 Bxg2 16. Kxg2 Ne5 17. Nf5 e6 18. Nxg7 Kxg7 19. Rd2 Rfd8 20.
Rxd8 Rxd8 21. Bxa7 Ra8 22. Bd4 Rxa2 23. Rc1 Nd3 24. Rc7 e5 25. Bc3 Nxb2 26.
Rxb7 Nd3 27. Rd7 Nxf2 28. Kf3 Ra3 29. Kxf2 Rxc3 30. Rd2 Kg6 31. Ra2 h5 32. Re2
Kg5 33. Kg2 Rc5 34. Ra2 f5 35. Rf2 Rc4 36. Re2 Re4 37. Ra2 f4 38. Rf2 f5 39.
Kh3 Re3 40. Kg2 fxg3 0-1

[Event "CAN-op"]
[Site "Toronto CAN"]
[Date "1995.07.12"]
[Round "6"]
[White "Duong, Thanh Nha"]
[Black "Norwood, David"]
[Result "0-1"]
[WhiteElo "2280"]
[BlackElo "2492"]
[PlyCount "84"]
[EventDate "1995.07.08"]
[EventType "swiss"]
[EventRounds "10"]
[EventCountry "CAN"]

1. Nf3 g6 2. g3 Bg7 3. Bg2 e5 4. e4 c5 5. O-O Nc6 6. c4 d6 7. d3 Nge7 8. Nc3
O-O 9. Rb1 f5 10. Nd5 f4 11. gxf4 Bg4 12. h3 Bh5 13. Qe1 exf4 14. Nxf4 Bxf3 15.
Bxf3 Nd4 16. Bg4 h5 17. Bd1 Be5 18. Ng2 Nf3+ 19. Bxf3 Rxf3 20. Qe2 Rxh3 21. f4
Bd4+ 22. Be3 Nf5 23. Bxd4 Nxd4 24. Qd1 Qd7 25. f5 gxf5 26. exf5 Qg7 27. Qe1 Qg4
28. Qe4 Qxe4 29. dxe4 Nf3+ 30. Kf2 Nd2 31. Nf4 Rf3+ 32. Ke2 Rxf1 33. Rxf1 Nxf1
34. Kxf1 h4 35. Kg2 Kf7 36. Kf3 Rg8 37. b3 b6 38. Kf2 Kf6 39. Kf3 Rg3+ 40. Kf2
Ke5 41. Ng2 Kxe4 42. Nxh4 Rh3 0-1

[Event "CAN-op"]
[Site "Toronto CAN"]
[Date "1995.07.13"]
[Round "7"]
[White "Cabanas, Francisco"]
[Black "Duong, Thanh Nha"]
[Result "0-1"]
[WhiteElo "2068"]
[BlackElo "2280"]
[PlyCount "78"]
[EventDate "1995.07.08"]
[EventType "swiss"]
[EventRounds "10"]
[EventCountry "CAN"]

1. e4 c6 2. d4 d5 3. e5 Bf5 4. Nf3 e6 5. Be2 c5 6. Be3 Qb6 7. Qc1 Nc6 8. dxc5
Bxc5 9. Bxc5 Qxc5 10. O-O Nge7 11. c3 Ng6 12. Qg5 h6 13. Qg3 Qb6 14. b4 O-O 15.
Nbd2 Qc7 16. Nd4 Nxd4 17. cxd4 Qb6 18. Qe3 Qxb4 19. g4 Bc2 20. Rfc1 Rac8 21. f4
Rc3 22. Qf2 Ne7 23. Nb1 Rc6 24. Bb5 Qxb5 25. Rxc2 Rxc2 26. Qxc2 Rc8 27. Qd2 Qb6
28. Nc3 Rc4 29. Ne2 Nc6 30. Rd1 Rb4 31. f5 Nxe5 32. Kh1 Nxg4 33. Qf4 Nf6 34.
Qb8+ Kh7 35. Qf8 Rb1 36. Nc1 exf5 37. Qxf7 Ne4 38. Qxf5+ Qg6 39. Qf8 Rb2 0-1